NCAA Football: Power 5 School Colors - Statistics

General Stats
  • This quiz has been taken 644 times
  • The average score is 91 of 130
Answer Stats
School Color % Correct
Alabama | Arkansas | Duke | +17 others White
99%
Florida | Illinois | Kansas | +6 others Blue
98%
Georgia | Louisville | Maryland | +2 others Red
98%
Florida | Illinois | Miami | +4 others Orange
97%
Colorado | Georgia | Iowa | +10 others Black
95%
LSU | Northwestern | TCU | Washington Purple
95%
Oregon Yellow
94%
Alabama | Indiana | Kansas | +2 others Crimson
88%
Arizona State | Baylor | Boston College | +11 others Gold
87%
Baylor | Miami | Michigan State | Oregon Green
85%
Arizona State | Boston College | Minnesota | +2 others Maroon
72%
Ohio State | Washington State Gray
52%
Nebraska | Ohio State | Rutgers | Texas Tech Scarlet
51%
Arizona | Auburn | Ole Miss Navy Blue
48%
Colorado Silver
46%
Auburn | Texas | Virginia Tech Burnt Orange
42%
Indiana | Nebraska | Oklahoma Cream
35%
North Carolina Carolina Blue
28%
Michigan Maize
26%
Arkansas | Iowa State | Stanford | +2 others Cardinal
25%
Florida State | South Carolina Garnet
12%
Duke Duke Blue
8%
Georgia Tech | Purdue | Wake Forest | West Virginia Old Gold
8%
Kansas State Royal Purple
5%
Clemson Clemson Orange
4%
Cal California Gold
3%
UCLA UCLA Blue
3%
UCLA UCLA Gold
3%
Arizona | Ole Miss Cardinal Red
2%
Clemson Regalia
2%
Cal Berkeley Blue
1%
Virginia Tech Chicago Maroon
1%
Missouri MU Gold
1%
Tennessee UT Orange
1%
Georgia Tech Buzz Gold
0%
No matching quizzes found
Score Distribution
Percent of People with Each Score
Percentile by Number Answered
Your Score History
You have not taken this quiz